LEADER 02686oas 2200937 a 450 001 9910143535203321 005 20260218113232.0 011 $a1549-4497 035 $a(DE-599)ZDB2519337-5 035 $a(OCoLC)54769167 035 $a(CONSER) 2004213615 035 $a(CKB)111088195281692 035 $a(DE-599)2519337-5 035 $a(EXLCZ)99111088195281692 100 $a20040319a20049999 uy a 101 0 $aeng 135 $aurcn||||||||| 181 $ctxt$2rdacontent 182 $cc$2rdamedia 183 $acr$2rdacarrier 200 10$aAestimatio $ecritical reviews in the history of science 210 $aPrinceton, NJ $cInstitute for Research in Classical Philosophy and Science$dİ2004- 210 2 $aBaysville, Ontario, Canada $cInstitute for Research in Classical Philosophy and Science 210 2 $aOntario, Canada $cIter Press [for the Institute for Research in Classical Philosophy and Science] 210 3 $aBaysville, Ontario, Canada$cInstitute for Research in Classical Philosophy and Science 215 $a1 online resource 300 $aRefereed/Peer-reviewed 300 $aTitle from PDF caption (publisher's website, viewed March 9, 2005). 311 08$a1549-4470 517 3 $aCritical reviews in the history of science 517 1 $aSources and studies in the history of science 606 $aScience$xHistory$vPeriodicals 606 $aPhilosophy$vPeriodicals 606 $aSciences$xHistoire$vPe?riodiques 606 $aPhilosophie$vPe?riodiques 606 $aPhilosophy$2fast 606 $aScience$2fast 608 $aHistory$2fast 608 $aPeriodicals$2fast 608 $aPeriodicals.$2lcgft 615 0$aScience$xHistory 615 0$aPhilosophy 615 6$aSciences$xHistoire 615 6$aPhilosophie 615 7$aPhilosophy 615 7$aScience 676 $a509 686 $acollissn$2lacc 686 $acci1icc$2lacc 686 $acoll29$2lacc 686 $acoll108$2lacc 712 02$aInstitute for Research in Classical Philosophy and Science, 801 0$bNSD 801 1$bNSD 801 2$bOCLCQ 801 2$bDLC 801 2$bCLU 801 2$bOCLCQ 801 2$bHEBIS 801 2$bOCLCQ 801 2$bOCLCF 801 2$bOCLCO 801 2$bEUW 801 2$bOCLCO 801 2$bOCLCQ 801 2$bDLC 801 2$bNLC 801 2$bOCLCQ 801 2$bNLC 801 2$bOCLCQ 801 2$bUAB 801 2$bUBY 801 2$bUEJ 801 2$bNLC 801 2$bOCLCL 801 2$bOCLCQ 801 2$bNLC 906 $aJOURNAL 912 $a9910143535203321 996 $aAestimatio$92019387 997 $aUNINA